| Tag |
First Indicator |
Second Indicator |
Subfields |
| LEADER |
00000cam a2200000 4500 |
| 001 |
in00003879813 |
| 005 |
20190415192753.0 |
| 006 |
m o d |
| 007 |
cr |n||||||||n |
| 008 |
820816s1741 xxu|||| o 00| | eng c |
| 035 |
|
|
|a (CU-RivES)W25931
|
| 035 |
|
|
|a (Uk-ES)006452080
|
| 035 |
|
|
|a (OCoLC)511133372
|
| 040 |
|
|
|a MWA
|c MWA
|d CU-RivES
|d CStRLIN
|d Cengage Gale
|d UtOrBLW
|
| 050 |
|
4 |
|a Z1215
|b .T447 1741
|
| 245 |
0 |
4 |
|a The Querists :
|b part III. Or, An extract of sundry passages taken out of Mr. G. Tennent's sermon preached at Nottingham, of the danger of an unconverted ministry. Together with some scruples propos'd in proper queries raised on each remark. By the same hands with the former. [Five lines of Scripture quotations].
|
| 264 |
|
3 |
|a Philadelphia :
|b Printed by B. Franklin in Market-Street,
|c 1741.
|
| 300 |
|
|
|a 1 online resource (150 pages)
|
| 336 |
|
|
|a text
|b txt
|2 rdacontent
|
| 337 |
|
|
|a computer
|b c
|2 rdamedia
|
| 338 |
|
|
|a online resource
|b cr
|2 rdacarrier
|
| 500 |
|
|
|a Perhaps prepared by Thomas Evans of Pencader (d. 1743). See: Webster, R. A history of the Presbyterian Church in America, 1857, pages 158.
|
| 500 |
|
|
|a Imprint date "1740" altered by pen in all extant copies to read "1741".
|
| 509 |
|
|
|a Signatures: A-S⁴ T⁴(-T4)
|
| 510 |
4 |
|
|a Evans,
|c 4792
|
| 510 |
4 |
|
|a Hildeburn, C.R. Pennsylvania,
|c 720
|
| 510 |
4 |
|
|a Miller, C.W. Franklin,
|c 261
|
| 510 |
4 |
|
|a Sabin,
|c 67117
|
| 510 |
4 |
|
|a English Short Title Catalog,
|c W25931.
|
| 500 |
|
|
|a Reproduction of original from Library of Congress.
|
| 500 |
|
|
|a Electronic resource.
|
| 600 |
1 |
0 |
|a Tennent, Gilbert,
|d 1703-1764.
|t Danger of an unconverted ministry.
|
| 655 |
|
7 |
|a Electronic books.
|2 local
|
| 700 |
1 |
|
|a Evans, Thomas,
|d -1743,
|e author.
|
| 700 |
1 |
|
|a Evans, Thomas,
|d -1743.
|
| 700 |
1 |
|
|a Franklin, Benjamin,
|d 1706-1790,
|e printer.
|0 http://id.loc.gov/authorities/names/n79043402
|
| 710 |
2 |
|
|a Gale (Firm)
|0 http://id.loc.gov/authorities/names/no2008071348
|
| 752 |
|
|
|a United States
|b Pennsylvania
|d Philadelphia.
|
| 856 |
4 |
0 |
|u http://proxy.library.tamu.edu/login?url=http://find.galegroup.com/ecco/infomark.do?contentSet=ECCOArticles&docType=ECCOArticles&bookId=1501700500&type=getFullCitation&tabID=T001&prodId=ECCO&docLevel=TEXT_GRAPHICS&version=1.0&source=library&userGroupName=txshracd2898
|z Connect to the full text of this electronic book
|t 0
|
| 999 |
f |
f |
|s 4343a74d-cb0b-3a8f-9211-06e785ceaaf9
|i bea361ad-1364-3fc8-a6b4-39f5bf173611
|t 0
|
| 952 |
f |
f |
|a Texas A&M University
|b College Station
|c Electronic Resources
|d Available Online
|t 0
|e Z1215 .T447 1741
|h Library of Congress classification
|
| 998 |
f |
f |
|a Z1215 .T447 1741
|t 0
|l Available Online
|